House of the dragon. The complete second season / ... Read More
Available copies
- 0 of 2 copies available at LARL/NWRL Consortium.
- 0 of 2 copies available at Lake Agassiz Regional Library. (Show preferred library)
Current holds
1 current hold with 2 total copies.
Show Only Available Copies
| Location | Call Number / Copy Notes | Barcode | Shelving Location | Status | Due Date |
|---|---|---|---|---|---|
| LARL Cataloging | LARL161475 (Text) | LARL161475 | Main | On order | - |
| Moorhead Public Library | DVD HOU (Text) | 33500014128755 | Main | Checked out | 07/07/2026 |
Record details
- Physical Description: 4 videodiscs (511 min.) : sound, color ; 4 3/4 in.
- Publisher: [Burbank, CA] : Warner Bros. Entertainment Inc., [2024]
- Copyright: ©2024
Content descriptions
| General Note: | Based on "Fire & blood" by George R.R. Martin. Originally broadcast as single episodes of a television program in 2024. Wide screen. Special features: Extended versions of the 8-part featurette The house that dragons built; Defend ... Read More |
| Formatted Contents Note: | Disc 1. A son for a son ; Rhaenyra the cruel -- ... Read More |
| Creation/Production Credits Note: | Cinematographer, Alejandro Martinez, Catherine ... Read More |
| Participant or Performer Note: | Matt Smith, Emma D'Arcy, Olivia Cooke, Rhys Ifans, ... Read More |
| Summary, etc.: | "Following King Aegon II's coronation and the ... Read More |
| Target Audience Note: | Rating: Not Rated. CHVRS rating: 18A. |
| System Details Note: | DVD, region 1, NTSC; widescreen (2.00:1); Dolby ... Read More |
| Language Note: | English, French or Spanish dialogue; French or ... Read More |
| Source of Description Note: | Title from disc label. |
Search for related items by subject
| Genre: | Action and adventure television programs. Fantasy television programs. Fiction television programs. Television series. Television adaptations. Video recordings for the hearing impaired. |
Search for related items by series
| LDR | 09163cgm a2201525 i 4500 | ||
|---|---|---|---|
| 001 | 444646 | ||
| 003 | LARL_NWRL_CONSORTIUM | ||
| 005 | 20241218145119.0 | ||
| 008 | 240923t20242024cau511 e vleng d | ||
| 007 | vd cvaizq | ||
| 040 | . | ‡aTEFMT ‡beng ‡erda ‡cTEFMT ‡dTEF ‡dTEFMT ‡dTEF ‡dOCLCO ‡dGO6 ‡dIG# ‡dRNL ‡dINO ‡dJBU ‡dJQW ‡dOCLCO ‡dYEQ ‡dNUI ‡dOCLCO | |
| 019 | . | ‡a1454736942 ‡a1464916404 | |
| 024 | 1 | . | ‡a883929831760 |
| 024 | 1 | . | ‡a883929826346 |
| 028 | 4 | 2. | ‡a1000839770 ‡bHBO |
| 028 | 4 | 2. | ‡a3000099082 ‡bWarner Bros. ‡q(container) |
| 028 | 4 | 2. | ‡a2000187220 ‡bWarner Bros. ‡q(disc 1) |
| 028 | 4 | 2. | ‡a2000187221 ‡bWarner Bros. ‡q(disc 2) |
| 028 | 4 | 2. | ‡a2000187222 ‡bWarner Bros. ‡q(disc 3) |
| 028 | 4 | 2. | ‡a2000187223 ‡bWarner Bros. ‡q(disc 4) |
| 033 | 0 | 1. | ‡a2024---- |
| 035 | . | ‡a(OCoLC)1456882951 ‡z(OCoLC)1454736942 ‡z(OCoLC)1464916404 | |
| 037 | . | ‡bMidwest Tape ‡nhttp://www.midwesttapes.com | |
| 041 | 1 | . | ‡aeng ‡afre ‡aspa ‡jfre ‡jspa ‡peng ‡heng |
| 082 | 0 | 4. | ‡a791.45/75 ‡223/eng/20241002 |
| 130 | 0 | . | ‡aHouse of the dragon (Television program). ‡nSeason 2. |
| 245 | 1 | 0. | ‡aHouse of the dragon. ‡pThe complete second season / ‡ccreated by Ryan Condal & George R.R. Martin. |
| 246 | 3 | . | ‡aHouse of the dragon. ‡pSeason 2 |
| 257 | . | ‡aUnited States ‡2naf | |
| 264 | 1. | ‡a[Burbank, CA] : ‡bWarner Bros. Entertainment Inc., ‡c[2024] | |
| 264 | 4. | ‡c©2024 | |
| 300 | . | ‡a4 videodiscs (511 min.) : ‡bsound, color ; ‡c4 3/4 in. | |
| 306 | . | ‡a083100 | |
| 336 | . | ‡atwo-dimensional moving image ‡btdi ‡2rdacontent | |
| 337 | . | ‡avideo ‡bv ‡2rdamedia | |
| 338 | . | ‡avideodisc ‡bvd ‡2rdacarrier | |
| 340 | . | ‡b4 3/4 in. | |
| 340 | . | ‡gpolychrome ‡2rdacc | |
| 341 | 0 | . | ‡aauditory ‡bclosedCaptions ‡2sapdv |
| 344 | . | ‡adigital ‡2rdatr | |
| 344 | . | ‡boptical ‡2rdarm | |
| 344 | . | ‡gsurround ‡2rdacpc | |
| 344 | . | ‡hDolby digital 5.1 | |
| 344 | . | ‡isound ‡2rdasco | |
| 345 | . | ‡c2.00:1 | |
| 345 | . | ‡dwide screen ‡2rdaar | |
| 346 | . | ‡bNTSC ‡2rdabs | |
| 347 | . | ‡avideo file ‡2rdaft | |
| 347 | . | ‡bDVD video | |
| 347 | . | ‡eregion 1 ‡2rdare | |
| 380 | . | ‡aTelevision programs ‡2lcgft | |
| 490 | 0 | . | ‡aHouse of the dragon ; ‡vSeason 2 |
| 538 | . | ‡aDVD, region 1, NTSC; widescreen (2.00:1); Dolby Digital 5.1; [color]. | |
| 546 | . | ‡aEnglish, French or Spanish dialogue; French or Spanish subtitles; English SDH subtitles for the deaf and hard of hearing. | |
| 532 | 1 | . | ‡aEnglish subtitles for the deaf and hard of hearing (SDH). |
| 588 | 0 | . | ‡aTitle from disc label. |
| 511 | 1 | . | ‡aMatt Smith, Emma D'Arcy, Olivia Cooke, Rhys Ifans, Steve Toussaint, Eve Best, Fabien Frankel, Matthew Needham, Sonoya Mizuno, Tom Glynn-Carney, Ewan Mitchell, Phia Saban, Harry Collett, Bethany Antonia, Phoebe Campbell, Jefferson Hall, Kurt Egyiawan, Kieran Bew, Abubakar Salim, Tom Taylor, Clinton Liberty, Tom Bennett, Ellora Torchia, Freddie Fox, Gayle Rankin, Simon Russell Beale. |
| 500 | . | ‡aBased on "Fire & blood" by George R.R. Martin. | |
| 500 | . | ‡aOriginally broadcast as single episodes of a television program in 2024. | |
| 500 | . | ‡aWide screen. | |
| 520 | . | ‡a"Following King Aegon II's coronation and the death of Queen Rhaenyra's son, House Targaryen is divided in two. In King's Landing, Aegon II rules from the Iron Throne, supported by Alicent and the Green Council, under the protection of the largest dragon in Westeros. From exile on Dragonstone, Queen Rhaenyra and her Black Council consider their next move. Civil war looms as both sides seek support from the great houses of Westeros, ultimately amassing armies--and dragons"--Container. | |
| 505 | 0 | 0. | ‡gDisc 1. ‡tA son for a son ; ‡tRhaenyra the cruel -- ‡gDisc 2. ‡tThe burning mill ; ‡tThe red dragon and the gold -- ‡gDisc 3. ‡tRegent ; ‡tSmallfolk -- ‡gDisc 4. ‡tThe red sowing ; ‡tThe queen who ever was. |
| 500 | . | ‡aSpecial features: Extended versions of the 8-part featurette The house that dragons built; Defend your council; Character spots; Fire hot takes: Team Green vs. Team Black; Return to Winterfell; House who? (House Stark); Return to the realm; House who? (Bracken & Blackwood and Tully & Frey); Fire hot takes: Case for ruler and Daemon vs. Aemond; Eve tribute piece; Guess that line: Eve & Steve; Family tree; Divided kingdoms; The curse of Harrenhal extended version. | |
| 521 | 8 | . | ‡aRating: Not Rated. |
| 521 | 8 | . | ‡aCHVRS rating: 18A. |
| 508 | . | ‡aCinematographer, Alejandro Martinez, Catherine Goldschmidt, Pepe Avila del Pino, Fabian Wagner, Vanja Cernjul, P.J. Dillon; editor, Crispin Green, Tim Porter, Adam Bosman, Frances Parker, Katie Weiland, Chris Hunter, Selina Macarthur; music, Ramin Djawadi. | |
| 600 | 3 | 0. | ‡aTargaryen, House of ‡c(Fictitious family) ‡vDrama. |
| 650 | 0. | ‡aWesteros (Imaginary place) ‡vDrama. | |
| 650 | 0. | ‡aImaginary places ‡vDrama. | |
| 650 | 0. | ‡aImaginary wars and battles ‡vDrama. | |
| 650 | 0. | ‡aKings and rulers ‡vDrama. ‡0(LARL_NWRL_CONSORTIUM)165842 | |
| 650 | 0. | ‡aKings and rulers ‡xSuccession ‡vDrama. ‡0(LARL_NWRL_CONSORTIUM)165845 | |
| 650 | 0. | ‡aRoyal houses ‡vDrama. | |
| 650 | 0. | ‡aNobility ‡vDrama. | |
| 650 | 0. | ‡aKnights and knighthood ‡vDrama. ‡0(LARL_NWRL_CONSORTIUM)169833 | |
| 650 | 0. | ‡aInheritance and succession ‡vDrama. ‡0(LARL_NWRL_CONSORTIUM)165280 | |
| 650 | 0. | ‡aDragons ‡vDrama. | |
| 655 | 7. | ‡aAction and adventure television programs. ‡2lcgft ‡0(LARL_NWRL_CONSORTIUM)175838 | |
| 655 | 7. | ‡aFantasy television programs. ‡2lcgft ‡0(LARL_NWRL_CONSORTIUM)175667 | |
| 655 | 7. | ‡aFiction television programs. ‡2lcgft ‡0(LARL_NWRL_CONSORTIUM)175627 | |
| 655 | 7. | ‡aTelevision series. ‡2lcgft ‡0(LARL_NWRL_CONSORTIUM)175797 | |
| 655 | 7. | ‡aTelevision adaptations. ‡2lcgft ‡0(LARL_NWRL_CONSORTIUM)175702 | |
| 655 | 7. | ‡aVideo recordings for the hearing impaired. ‡2lcgft ‡0(LARL_NWRL_CONSORTIUM)175744 | |
| 700 | 1 | . | ‡aCondal, Ryan J., ‡ecreator. ‡1https://id.oclc.org/worldcat/entity/E39PCjvWjvjww7QQXq8hg97FPP |
| 700 | 1 | . | ‡aMartin, George R. R., ‡ecreator. ‡1https://id.oclc.org/worldcat/entity/E39PBJx8HpHpFRRfCTXMgfbjmd ‡0(LARL_NWRL_CONSORTIUM)66731 |
| 700 | 1 | . | ‡aSmith, Matt, ‡d1982- ‡eactor. ‡1https://id.oclc.org/worldcat/entity/E39PBJwtrxBwvQc7kV3qvRTWDq |
| 700 | 1 | . | ‡aD'Arcy, Emma, ‡d1992- ‡eactor. |
| 700 | 1 | . | ‡aCooke, Olivia, ‡d1993- ‡eactor. ‡1https://id.oclc.org/worldcat/entity/E39PBJvmQqPdJm97GtGHJ8KGHC |
| 700 | 1 | . | ‡aIfans, Rhys, ‡d1967- ‡eactor. ‡1https://id.oclc.org/worldcat/entity/E39PBJm4TRr88X74W8dWb8H9jC |
| 700 | 1 | . | ‡aToussaint, Steve, ‡d1965- ‡eactor. ‡1https://id.oclc.org/worldcat/entity/E39PBJpPyffPKfFWywWwpQ8grq |
| 700 | 1 | . | ‡aBest, Eve, ‡d1971- ‡eactor. ‡1https://id.oclc.org/worldcat/entity/E39PBJkD7tPFmhWcbyWd6FKPQq |
| 700 | 1 | . | ‡aFrankel, Fabien, ‡d1994- ‡eactor. |
| 700 | 1 | . | ‡aNeedham, Matthew, ‡d1984- ‡eactor. ‡1https://id.oclc.org/worldcat/entity/E39PBJwhwFFXW4JfdrFyXdhvHC |
| 700 | 1 | . | ‡aMizuno, Sonoya, ‡eactor. ‡1https://id.oclc.org/worldcat/entity/E39PBJf49P97PQf97hDDgy6qcP |
| 700 | 1 | . | ‡aGlynn-Carney, Tom, ‡d1995- ‡eactor. ‡1https://id.oclc.org/worldcat/entity/E39PBJtrQJq6Kwtqq6RmyYCRKd |
| 700 | 1 | . | ‡aMitchell, Ewan ‡c(Actor), ‡eactor. ‡1https://id.oclc.org/worldcat/entity/E39PCjBt8FyyYqqqKbFHjxy6Dm |
| 700 | 1 | . | ‡aAntonia, Bethany, ‡d1997- ‡eactor. |
| 700 | 1 | . | ‡aSaban, Phia, ‡d1998- ‡eactor. |
| 700 | 1 | . | ‡aCollett, Harry, ‡d2004- ‡eactor. ‡1https://id.oclc.org/worldcat/entity/E39PCjwRQKg8VVGMGqFgP7fxrC |
| 700 | 1 | . | ‡aCampbell, Phoebe, ‡eactor. |
| 700 | 1 | . | ‡aHall, Jefferson, ‡eactor. ‡1https://id.oclc.org/worldcat/entity/E39PBJhRJ9hJRwVVHrtt48jgrq |
| 700 | 1 | . | ‡aEgyiawan, Kurt, ‡eactor. ‡1https://id.oclc.org/worldcat/entity/E39PCjvwJw6wDFjD4PDV4cGHyd |
| 700 | 1 | . | ‡aBew, Kieran, ‡eactor. ‡1https://id.oclc.org/worldcat/entity/E39PBJxWTHH9p3Hp9MRdMvppT3 ‡0(LARL_NWRL_CONSORTIUM)209956 |
| 700 | 1 | . | ‡aSalim, Abubakar, ‡d1993- ‡eactor. ‡1https://id.oclc.org/worldcat/entity/E39PCjwBJ69kg47j7TrgkVPw3P |
| 700 | 1 | . | ‡aTaylor, Tom, ‡d2001- ‡eactor. ‡1https://id.oclc.org/worldcat/entity/E39PBJyGVvYtDCXfH7QWMJwV4q |
| 700 | 1 | . | ‡aLiberty, Clinton, ‡d1998- ‡eactor. |
| 700 | 1 | . | ‡aBennett, Tom ‡c(Actor), ‡eactor. ‡1https://id.oclc.org/worldcat/entity/E39PCjvvtTrGkTgxBmQkch3J6q |
| 700 | 1 | . | ‡aTorchia, Ellora, ‡d1992- ‡eactor. ‡1https://id.oclc.org/worldcat/entity/E39PCjyqpbXyQckGYXgfVD9TDy |
| 700 | 1 | . | ‡aFox, Freddie, ‡d1989- ‡eactor. ‡1https://id.oclc.org/worldcat/entity/E39PBJk4BMwQYRdVkvGm8mXKh3 |
| 700 | 1 | . | ‡aRankin, Gayle, ‡eactor. ‡1https://id.oclc.org/worldcat/entity/E39PCjykvbVccqFVcyJvMMPdBd |
| 700 | 1 | . | ‡aBeale, Simon Russell, ‡eactor. ‡1https://id.oclc.org/worldcat/entity/E39PBJvhvk4R6QQdWtxtjBT8md ‡0(LARL_NWRL_CONSORTIUM)119537 |
| 700 | 1 | . | ‡iTelevision adaptation of (work): ‡aMartin, George R. R. ‡tFire & blood. |
| 710 | 2 | . | ‡aHome Box Office (Firm), ‡ebroadcaster. ‡0(LARL_NWRL_CONSORTIUM)72294 |
| 710 | 2 | . | ‡aWarner Bros. Entertainment, ‡epublisher. ‡0(LARL_NWRL_CONSORTIUM)191744 |
| 730 | 0 | 2. | ‡iPrequel to (work): ‡aGame of thrones (Television program) |
| 730 | 0 | 2. | ‡iContainer of (expression): ‡aHouse of the dragon (Television program). ‡nSeason 2. ‡lFrench. |
| 730 | 0 | 2. | ‡iContainer of (expression): ‡aHouse of the dragon (Television program). ‡nSeason 2. ‡lSpanish. |
| 901 | . | ‡a444646 ‡bOCoLC ‡c444646 ‡tbiblio ‡soclc | |

Add to basket
Permalink
Disable Highlighting